000 01055cam a2200289 a 4500
001 1069
005 20260206105202.0
020 _a0399227024
040 _aDLC
_cDLC
_dDLC
_beng
050 0 0 _aPZ7.D2394
_bYo 1995
082 0 0 _aFic
_220
100 1 _aDanziger, Paula
_d1944-2004.
245 1 0 _aYou can't eat your chicken pox, Amber Brown /
_cby Paula Danziger ; illustrated by Tony Ross.
246 3 _aYou cannot eat your chicken pox, Amber Brown
260 _aNew York :
_bScholastic
_c1995
300 _a100 pages :
_billustrations ;
_c20 cm
505 _aN
520 _aAt the end of third grade, Amber is excited about her trip with her aunt to London and Paris, where she will see her father again, but her plans change when she comes down with chicken pox.
521 _a590
_bLexile
521 _aN
_bRaz-Plus
650 1 _aDivorce
_vFiction.
650 1 _aAunts
_vFiction.
650 1 _aChicken pox
_vFiction.
700 1 _aRoss, Tony
_eillustrator.
906 _a7
_bcbc
_corignew
_d1
_eocip
_f19
_gy-gencatlg
942 _2ddc
_cBK
_n0
999 _c1069
_d1069